00474nam a2200085Ia 4500008004100000245002000041300024700061650002800308856005200336170517s9999 xx 000 0 und d aStealing Africa aZambia's copper resources have not made the country rich. Virtually all Zambia's copper mines are owned by corporations. In the last ten years, they've extracted copper worth 29 billion but Zambia is still ranked one of the twenty poorest... xBusiness and Economics. uhttp://topdocumentaryfilms.com/stealing-africa/